Letargie refrén psychických dopadů pandemie
Daniel Štrobl je psychológ, lektor a kouč. Venuje sa zvládaniu stresu, komunikácii alebo tímovej spolupráci. Od mladosti ho zaujímali osudy vojenských veteránov a ich post-traumatický stresový syndróm, kedy myslou zostávajú naďalej vo vojne a nedokážu sa adaptovať na mier. A to sa môže prihodiť aj n...
Uložené v:
| Hlavný autor: | |
|---|---|
| Médium: | Kapitola |
| Jazyk: | Czech |
| Predmet: | |
| Tagy: |
Žiadne tagy, Buďte prvý, kto otaguje tento záznam!
|
MARC
| LEADER | 00000naa a2200000 4500 | ||
|---|---|---|---|
| 001 | 0277678 | ||
| 005 | 20210803112605.8 | ||
| 041 | 0 | |a cze | |
| 044 | |a CZ | ||
| 245 | 1 | 0 | |a Letargie |b refrén psychických dopadů pandemie |c Alena Kazdová |
| 520 | |a Daniel Štrobl je psychológ, lektor a kouč. Venuje sa zvládaniu stresu, komunikácii alebo tímovej spolupráci. Od mladosti ho zaujímali osudy vojenských veteránov a ich post-traumatický stresový syndróm, kedy myslou zostávajú naďalej vo vojne a nedokážu sa adaptovať na mier. A to sa môže prihodiť aj nám, až bude po pandémii. | ||
| 610 | 2 | 0 | |a pandémia |
| 610 | 2 | 0 | |a dôsledky sociálne |
| 610 | 2 | 0 | |a choroby duševné |
| 610 | 2 | 0 | |a psychológia |
| 610 | 2 | 0 | |a poradenstvo profesionálne |
| 100 | 1 | |a Kazdová, Alena | |